Представление документа в формате RUSMARC

ПолеНазваниеЗначение
  Тип записи c
  Библиографический уровень m
001 Контрольный номер UONB/MAIN/e8758d021b114d029bf2d1ea84f82163
005 Дата корректировки 20251118152429.8
010 Индекс ISBN __
9 Тираж 2430 экз.
013 Номер (ISMN) __
d Цена 40 к.
071 Издательские номер (звукозапись и ноты) 21
a Номер, присвоенный агентством 1514
100 Данные общей обработки __
a Данные общей обработки 20240621d1971 u y0rusy0189 ca
101 Язык документа 0_
a Язык текста rus
f Язык титульного листа rus
102 Страна публикации __
a Страна публикации RU
125 Кодированные данные звукозаписи и нотных изданий __
a Форма изложения нотного текста с
128 Кодированные данные (звукозаписи-физические характеристики) __
a Кодированные данные: Музыкальная форма и тональность или лад li
c Инструменты или голоса, рекомендуемые для солистов (устаревшее) ve
200 Заглавие и сведения об ответственности 1_
a Заглавие Тетрадь 1
203 Вид содержания и тип средства __
a Вид содержания Музыка
b Характеристика содержания знаковая
c Тип средства непосредственная
210 Выходные данные 1_
d Дата издания 1971
215 Физическое описание __
a Объем 32 с.
327 Примечание о содержании 11
a Примечание о содержании Содерж.: Зимняя дорога / сл. А. Пушкина ; Как небеса твой взор блистает... ; Силуэт / сл. М. Лермонтова ; В сердце светит Русь ; Есть одна хорошая песня у соловушки... / сл. С. Есенина ; Гармоника играет... ; Ой, снова я сердцем широким бедую... / сл. А. Прокофьева.
461 Уровень набора _0
1 700 1
a Свиридов
b Г. В.
g Георгий Васильевич
f 1915-1998
1 2001
a Романсы и песни
b Ноты
e для баритона в сопровождении фортепиано
f Георгий Свиридов
v Тетрадь 1
1 2101
a Москва
c Советский композитор
d 1971 -
1 001UONB/MAIN/1f4a434508e14fd281f34bcd9744b7c3
1 215
d 29 см
464 Аналитический уровень _0
1 702 1
a Пушкин
b А.
4 520
1 2001
a Зимняя дорога
1 036
t Сквозь волнистые туманы пробирается луна...
464 Аналитический уровень _0
1 702 1
a Лермонтов
b М.
4 520
1 2001
a Как небеса, твой взор блистает...
1 036
t Как небеса, твой взор блистает эмалью голубой...
464 Аналитический уровень _0
1 702 1
a Лермонтов
b М.
4 520
1 2001
a Силуэт
1 036
t Есть у меня твой силуэт...
464 Аналитический уровень _0
1 702 1
a Есенин
b С.
4 520
1 2001
a В сердце светит Русь
1 036
t О пашни, пашни, пашни, коломенская грусть...
464 Аналитический уровень _0
1 702 1
a Есенин
b С.
4 520
1 2001
a Есть одна хорошая песня у соловушки...
1 036
t Есть одна хорошая песня у соловушки...
464 Аналитический уровень _0
1 702 1
a Прокофьев
b А.
4 520
1 2001
a Гармоника играет...
1 036
t Гармоника играет, гармоника поет...
464 Аналитический уровень _0
1 702 1
a Прокофьев
b А.
4 520
1 2001
a Ой, снова я сердцем широким бедую...
1 036
t Ой, снова я сердцем широким бедую...
512 Заглавие обложки 1_
a Заглавие обложки Романсы и песни
606 Тематические рубрики 0_
a Основная рубрика Сольное пение
x Основная подрубрика Романсы и песни советских композиторов
x Основная подрубрика Баритон (голос)
610 Ключевые слова 0_
a Ключевые слова сольное пение; романсы и песни советских композиторов; баритон (голос); Свиридов Г. В.
686 Индексы других классификаций __
a Классификационный индекс 85.943.2-42(2)я44
2 Код системы rubbk
801 Источник записи _0
a Страна RU
b Организация Ульяновская ОНБ
c Дата составления 20240621
g Правила каталогизации RCR
801 Источник записи _1
a Страна RU
b Организация Ульяновская ОНБ
c Дата составления 20240621
g Правила каталогизации RCR
901 Тип документа __
t Тип документа n
w Контрольный № источника UONB/MAIN/1f4a434508e14fd281f34bcd9744b7c3
909 Создатель записи __
a Создатель записи Грязнова И. Е.
b Дата создания записи 20240621